|
|
|
|
| LEADER |
00000nam0a2200000 4500 |
| 001 |
156878 |
| 005 |
20231101221929.0 |
| 035 |
|
|
|a (RuTPU)RU\TPU\book\170130
|
| 090 |
|
|
|a 156878
|
| 100 |
|
|
|a 20090331d1947 km y0rusy50 ca
|
| 101 |
0 |
|
|a rus
|
| 102 |
|
|
|a RU
|
| 105 |
|
|
|a acf z 001zb
|
| 200 |
1 |
|
|a Григорий Николаевич Потанин. Жизнь и деятельность
|f В. А. Обручев
|
| 210 |
|
|
|a Москва
|a Ленинград
|c Изд-во Академии наук СССР
|d 1947
|
| 215 |
|
|
|a 288 с.
|c ил., цв. ил.
|
| 225 |
1 |
|
|a Научно-популярная серия
|
| 316 |
|
|
|5 63413507: КР-1237
|a На титульном листе владельческая надпись "К. Радугин"
|
| 317 |
|
|
|5 63413507: КР-1237
|a Поступила в НТБ в 2004 году в составе книжного собрания профессора ТПИ К. В. Радугина
|
| 320 |
|
|
|a Перечень книг, в которых описаны путешествия Г. Н. Потанина: с. 276
|
| 320 |
|
|
|a Примечания: с. 277-280
|
| 320 |
|
|
|a Список иллюстраций: с. 281-282
|
| 600 |
|
1 |
|a Потанин
|b Г. Н.
|c русский естествоиспытатель
|c путешественник
|f 1835-1920
|g Григорий Николаевич
|2 stltpush
|3 (RuTPU)RU\TPU\pers\11248
|9 2489
|
| 600 |
|
1 |
|a Бакунин
|g Михаил Александрович
|f 1814-1876
|c российский революционер
|c теоретик анархизма
|b М. А.
|2 stltpush
|3 (RuTPU)RU\TPU\pers\179
|
| 600 |
|
1 |
|a Лаврская
|b А. В.
|c жена Г.Н. Потанина
|c участница почти всех его экспедиций
|c сестра К.В. Лаврского
|f 1843-1893
|g Александра Викторовна
|2 stltpush
|3 (RuTPU)RU\TPU\pers\22722
|9 9755
|
| 606 |
1 |
|
|a Путешествия
|2 stltpush
|3 (RuTPU)RU\TPU\subj\53234
|9 71554
|
| 610 |
1 |
|
|a биография
|
| 610 |
1 |
|
|a Монголия
|
| 610 |
1 |
|
|a Китай
|
| 610 |
1 |
|
|a история
|
| 610 |
1 |
|
|a 19 век
|
| 610 |
1 |
|
|a Томск
|
| 610 |
1 |
|
|a ученые
|
| 610 |
1 |
|
|a географические исследования
|
| 610 |
1 |
|
|a труды учёных ТПУ
|
| 610 |
1 |
|
|a владельческая надпись
|
| 610 |
1 |
|
|a библиотека К. В. Радугина
|
| 610 |
1 |
|
|a коллекция В. А. Обручева
|
| 675 |
|
|
|a 910.4
|v 3
|
| 700 |
|
1 |
|a Обручев
|b В. А.
|c российский геолог
|c профессор Томского технологического института
|c исследователь Сибири, Центральной и Средней Азии
|c географ
|f 1863-1956
|g Владимир Афанасьевич
|2 stltpush
|3 (RuTPU)RU\TPU\pers\996
|
| 712 |
0 |
2 |
|a Академия наук СССР (АН СССР)
|2 stltpush
|3 (RuTPU)RU\TPU\col\722
|
| 801 |
|
1 |
|a RU
|b 63413507
|c 20090331
|g PSBO
|
| 801 |
|
2 |
|a RU
|b 63413507
|c 20181211
|g PSBO
|
| 942 |
|
|
|c BK
|